Quiz o górach pozdro renatka - Statystyki

Ogólne statystyki
  • Ten quiz został rozwiązany 77 razy
  • Średni wynik to 21 z 44
Statystyki odpowiedzi
Obrazkowy Odpowiedź % Poprawnych
Andy
81%
Skandynawskie
81%
Sudety
81%
Apeniny
75%
Kaledońskie
75%
Świętokrzyskie
75%
Alaska
69%
Alpy
69%
Karpaty
69%
Skaliste
69%
Grampiany
63%
Kaukaz
63%
Alpy Australijskie
56%
Appalachy
56%
Atlas
56%
Kambryjskie
56%
Kordyliery
56%
Masyw Czeski
56%
Pireneje
56%
Smocze
56%
Tienszan
56%
Ałtaj
50%
Iberyjskie
50%
Jabłonowe
50%
Masyw Centralny
44%
Pindos
44%
Przylądkowe
44%
Rudawy
44%
Sajany
44%
Ural
44%
Harz
38%
Kantabryjskie
38%
Ardeny
31%
Schwarzwald
31%
Betyckie
25%
Dynarskie
25%
Ghaty
25%
Pamir
25%
Stara Płonina
25%
Taurus
25%
Zagros
25%
Kunlun
19%
Wogezy
13%
Hindukusz
6%
Nie znaleziono quizów pasujących do podanych kryteriów
Rozkład punktacji
Procent ludzi z każdym wynikiem
Percentyl według liczby udzielonych odpowiedzi
Twoja historia wyników
Nie rozwiązałeś tego quizu